00906nam a2200193 i 450000100060000000300090000600500170001500700030003200800410003504000200007624501960009626000690029230000780036165000490043971100610048885200210054999900170057095201250058753454ES-MaACL20230906162753.0t|950927s1878 sp abf ||||1| spa d aCAM bspa cCAM00aEstudio sobre la Exposición Vinícola Nacional de 1877 b: publicado en cumplimiento del real decreto de 15 de septiembre de 1876, siendo Ministro de Fomento el Excmo. Sr. Conde de Toreno. aMadrid : b[s.n.], c1878 (fImp. y fundición de Manuel Tello) aVII, 1228 p., [9] h. de map., [1] h. de plan, [4] h. de lám. ; c36 cm. 4aIndustria vitivinícola-zEspaña.91703002 aExposición Nacional Vinícola (d1877. cMadrid)9708 aES-MaACLjG-1947 c53454d53454 001040708LIBXIXaATENEOMbATENEOMcDEPO2d2008-01-17eSCl0oG-1947p1056169r2023-02-23 00:00:00w2023-02-23yMONANT